000 00504nam a2200157Ia 4500
008 090124s9999 xx 000 0 und d
082 _b111016
245 _a चणे खावे लोखंडाचे भाग 1 ला
250 _a1
260 _c1964
300 _a197
630 _a चणे खावे लोखंडाचे भाग 1 ला
700 _aफाटक भाऊ
730 _a चणे खावे लोखंडाचे भाग 1 ला
942 _cBOOK
999 _c157107
_d157107